Handbook of the International Red Cross and Red Crescent Movement (Record no. 15920)

MARC details
000 -LEADER
fixed length control field 00326nam a22001217a 4500
008 - FIXED-LENGTH DATA ELEMENTS--GENERAL INFORMATION
fixed length control field 160412b xxu||||| |||| 00| 0 eng d
020 ## - INTERNATIONAL STANDARD BOOK NUMBER
International Standard Book Number 2940396016
245 ## - TITLE STATEMENT
Title Handbook of the International Red Cross and Red Crescent Movement
250 ## - EDITION STATEMENT
Edition statement 14th ed.
260 ## - PUBLICATION, DISTRIBUTION, ETC. (IMPRINT)
Place of publication, distribution, etc. Geneva
Name of publisher, distributor, etc. IRCRC
Date of publication, distribution, etc. 2008
300 ## - PHYSICAL DESCRIPTION
Extent 1281p.
942 ## - ADDED ENTRY ELEMENTS (KOHA)
Source of classification or shelving scheme Library of Congress Classification
Koha item type General Collection
Holdings
Withdrawn status Lost status Source of classification or shelving scheme Not for loan Home library Current library Date acquired Total Checkouts Full call number Barcode Date last seen Date last checked out Price effective from Koha item type
    Library of Congress Classification   Kabarak, Main Campus Kabarak, Main Campus 12/04/2016 2 HV563 .H36 2008 c.1 021759 18/10/2019 04/10/2019 12/04/2016 General Collection
Designed with assistance from East African Informatics Ltd